New era value investing : (Record no. 345573)

000 -LEADER
fixed length control field 02398 a2200205 4500
020 ## - INTERNATIONAL STANDARD BOOK NUMBER
International Standard Book Number 0471266086
020 ## - INTERNATIONAL STANDARD BOOK NUMBER
International Standard Book Number 9780471266082
082 04 - DEWEY DECIMAL CLASSIFICATION NUMBER
Classification number 332.6322
090 ## - LOCALLY ASSIGNED LC-TYPE CALL NUMBER (OCLC); LOCAL CALL NUMBER (RLIN)
-- 3084
-- 3084
100 1# - MAIN ENTRY--PERSONAL NAME
Personal name Tengler, Nancy.
245 10 - TITLE STATEMENT
Title New era value investing :
Remainder of title a disciplined approach to buying value and growth stocks /
Statement of responsibility, etc. Nancy Tengler.
250 ## - EDITION STATEMENT
Edition statement 1st ed.
260 ## - PUBLICATION, DISTRIBUTION, ETC.
Place of publication, distribution, etc. [S.l.] :
Name of publisher, distributor, etc. Wiley,
Date of publication, distribution, etc. 2003.
300 ## - PHYSICAL DESCRIPTION
Extent 240 p. ;
Dimensions 23 cm.
500 ## - GENERAL NOTE
General note Hardcover.
520 ## - SUMMARY, ETC.
Summary, etc. Praise for New Era Value Investing "No other book reveals so much about how a portfolio manager looks at the world. You will see how the transformation in the U.S. economy and stock market in the 1990s caused this seasoned value investor to transform her investing discipline to keep pace with the times, and you will gain invaluable insight into how an investment discipline is crafted to maximize gain and control risk for real, paying clients. This book is a must-read for every serious investor, and anyone who aspires to manage money for others." –Dr. Arthur Laffer, Chairman, Laffer Associates "If you invest real money in the stock market, you have to read this book. In New Era Value Investing, Nancy Tengler gives you an inside look at the real work a serious value investor does in constructing a diversified portfolio of high-quality stocks. Nancy’s review of the history of value investing is worth the price of admission by itself. She explains how to use her Relative Dividend Yield and Relative Price-to-Sales Ratio frameworks to assess the value of both old-fashioned manufacturing companies and growth companies. She shows you how to use her Twelve Fundamental Factors analysis as a work plan to evaluate the strength and value of a company, helping the reader to understand that value investing is a lot of work. The genius of the book, however, is the way Nancy helps the reader understand how to balance the disciplines needed to be a value investor and the flexibility you need to adapt value methods to changing market fundamentals. New Era Value Investing is a book you are going to keep on your shelf." –Dr. John Rutledge, Chairman, Rutledge Cap
856 ## - ELECTRONIC LOCATION AND ACCESS
Materials specified Amazon.com
Uniform Resource Identifier <a href="http://www.amazon.com/exec/obidos/ASIN/0471266086/chopaconli">http://www.amazon.com/exec/obidos/ASIN/0471266086/chopaconli</a>
856 ## - ELECTRONIC LOCATION AND ACCESS
Materials specified Amazon customer reviews
Uniform Resource Identifier <a href="http://www.chopac.org/cgi-bin/tools/azrev.pl?q=04712">http://www.chopac.org/cgi-bin/tools/azrev.pl?q=04712</a>
942 ## - ADDED ENTRY ELEMENTS (KOHA)
Institution code [OBSOLETE] NBS
Koha item type Book
Call number prefix 332.6322 TEN
Holdings
Withdrawn status Lost status Damaged status Not for loan Permanent Location Current Location Date acquired Total Checkouts Full call number Barcode Date last seen Date last checked out Price effective from Koha item type
        Central Library (CL) Central Library (CL) 08/28/2013 1 332.6322 TEN NBSD-232 11/22/2017 08/04/2017 08/28/2013 Book
        Central Library (CL) Central Library (CL) 08/28/2013 1 332.6322 TEN NBSD-234 11/22/2017 08/04/2017 08/28/2013 Book
        Central Library (CL) Central Library (CL) 08/28/2013 1 332.6322 TEN NBSD-233 11/22/2017 08/04/2017 08/28/2013 Book
© 2023 Central Library, National University of Sciences and Technology. All Rights Reserved.